000 00378nam a22001217a 4500
999 _c4540
_d4540
008 250227b ||||| |||| 00| 0 eng d
020 _a9781481464383
082 _a813.6 HAU
100 _aHAUTMAN,PETE
_eAUTHOR
245 _aTHE FORGETTING MACHINE
260 _a1230 AVENUE OF THE AMERICAS,NEW YORK,NEW YORK 10020
_bSIMON&CHUSTER CHILDREN'S PUBLISHING DIVISION
_c2016
942 _2ddc